[Event "II Weekend della Cipressina A"]
[Site "Venezia ITA"]
[Date "2013.12.01"]
[Round "4"]
[White "Alfier, Cecilia"]
[Black "Benetti, Lorenzo"]
[WhiteElo "1693"]
[BlackElo "1768"]
[Result "1-0"]
[PlyCount "101"]
[EventDate "2013.11.29"]

1. e4 c6 2. d4 d6 3. Nf3 Bg4 4. Be2 Nf6 5. Nc3 Nbd7 6. Bf4 Qa5 7. O-O e5 8. Be3
Be7 9. Qe1 Qc7 10. Rd1 exd4 11. Nxd4 Bxe2 12. Qxe2 d5 13. exd5 Nxd5 14. Nxd5
cxd5 15. Nf5 Qe5 16. Nxe7 Qxe7 17. Rfe1 O-O 18. Rxd5 Nf6 19. Rdd1 Rfe8 20. Qf1
Qb4 21. Bd4 Qa4 22. Rxe8+ Nxe8 23. Qe2 Qxa2 24. b3 Qa5 25. Qe7 Qb5 26. Bc5 Nf6
27. Rd8+ Rxd8 28. Qxd8+ Qe8 29. Qxe8+ Nxe8 30. Bxa7 g6 31. c4 f5 32. Bd4 Kf7
33. Be5 Ke6 34. f4 Nd6 35. Bxd6 Kxd6 36. b4 h6 37. Kf2 g5 38. Kf3 b6 39. h3 Ke6
40. g4 fxg4+ 41. Kxg4 gxf4 42. Kxf4 h5 43. Kg5 Ke5 44. c5 bxc5 45. bxc5 Kd5 46.
Kxh5 Kxc5 47. Kg6 Kd6 48. h4 Ke7 49. Kg7 Ke6 50. h5 Kf5 51. h6 1-0

[Event "II Weekend della Cipressina A"]
[Site "Venezia ITA"]
[Date "2013.12.01"]
[Round "4"]
[White "Brun, Dario"]
[Black "Dappiano, Andrea"]
[WhiteElo "2241"]
[BlackElo "2194"]
[Result "1-0"]
[PlyCount "109"]
[EventDate "2013.11.29"]

1. d4 e6 2. c4 Bb4+ 3. Bd2 a5 4. a3 Bxd2+ 5. Qxd2 Nf6 6. Nc3 d6 7. Nf3 O-O 8.
e3 Nc6 9. Be2 e5 10. dxe5 dxe5 11. Qxd8 Rxd8 12. Nb5 Ne8 13. Nd2 Bf5 14. Nb3 a4
15. Nc5 Na5 16. Nc3 Nb3 17. Nxb3 axb3 18. Bd1 Ra6 19. Nd5 Be6 20. Rc1 Bxd5 21.
cxd5 Rxd5 22. Bf3 Rd8 23. Bxb7 Rad6 24. Bf3 Rd2 25. Rd1 Rxd1+ 26. Bxd1 Nd6 27.
O-O Rb8 28. Be2 c5 29. Rd1 Rb6 30. Rd5 Rc6 31. Bc4 Kf8 32. Bxb3 c4 33. Bc2 c3
34. bxc3 Rxc3 35. Rxd6 Rxc2 36. h3 Ke7 37. Ra6 h5 38. h4 Ra2 39. e4 g6 40. a4
Kd8 41. Ra7 Ke8 42. a5 Kf8 43. a6 Kg7 44. Ra8 Ra1+ 45. Kh2 Ra2 46. Kg3 Ra3+ 47.
f3 Ra2 48. Kh2 Ra1 49. a7 f5 50. g3 Ra2+ 51. Kg1 Ra1+ 52. Kf2 Ra3 53. Ke2 f4
54. gxf4 exf4 55. e5 1-0

[Event "II Weekend della Cipressina A"]
[Site "Venezia ITA"]
[Date "2013.12.01"]
[Round "4"]
[White "Esposito, Ivan"]
[Black "Renier, Renzo"]
[WhiteElo "1843"]
[BlackElo "1982"]
[Result "0-1"]
[PlyCount "112"]
[EventDate "2013.11.29"]

1. d4 Nf6 2. c4 g6 3. g3 Bg7 4. Bg2 O-O 5. Nc3 d6 6. e4 e5 7. d5 Nbd7 8. Nge2
Nc5 9. b4 Ncd7 10. Bd2 a5 11. bxa5 Rxa5 12. Nc1 Ra8 13. Nd3 b6 14. Qb3 Nc5 15.
Nxc5 dxc5 16. O-O Ne8 17. a4 Nd6 18. a5 Ba6 19. Nb5 Bxb5 20. cxb5 Qd7 21. Rfb1
f5 22. f3 fxe4 23. fxe4 Qg4 24. Qe3 h6 25. h3 Qd7 26. Bf1 Kh7 27. axb6 cxb6 28.
Ra6 Rab8 29. Be1 Nf7 30. Rba1 Ng5 31. Bg2 Qxb5 32. h4 Nf7 33. Bh3 Nd6 34. Ra7
Rf7 35. Rxf7 Nxf7 36. h5 g5 37. Bf5+ Kh8 38. Ra7 Nd6 39. Be6 Rf8 40. Bf2 Qb1+
41. Kg2 Nxe4 42. Bg1 Qb2+ 43. Kh1 Qe2 44. Qxe2 Nxg3+ 45. Kg2 Nxe2 46. Be3 Nf4+
47. Bxf4 exf4 48. d6 f3+ 49. Kf1 Rd8 50. d7 c4 51. Bxc4 g4 52. Rc7 g3 53. Rc8
g2+ 54. Kf2 Bf6 55. Bd5 Bh4+ 56. Kxf3 g1=Q 0-1

[Event "II Weekend della Cipressina A"]
[Site "Venezia ITA"]
[Date "2013.12.01"]
[Round "4"]
[White "Girgenti, Giuseppe"]
[Black "Boscolo, Marco"]
[WhiteElo "1931"]
[BlackElo "2125"]
[Result "1/2-1/2"]
[PlyCount "39"]
[EventDate "2013.11.29"]

1. d4 d5 2. c4 c6 3. Nc3 Nf6 4. Nf3 dxc4 5. a4 Bf5 6. Ne5 Nbd7 7. Nxc4 Nb6 8.
Nxb6 Qxb6 9. e3 Rd8 10. Bd3 Bxd3 11. Qxd3 a5 12. O-O e6 13. Bd2 Be7 14. Rfc1
O-O 15. Qe2 Rfe8 16. Qe1 Bb4 17. Ne2 Nd5 18. Nc3 Nf6 19. Ne2 Nd5 20. Nc3
1/2-1/2

[Event "II Weekend della Cipressina A"]
[Site "Venezia ITA"]
[Date "2013.12.01"]
[Round "4"]
[White "Guerra, Alessandro"]
[Black "Roberti, Ignazio"]
[WhiteElo "2226"]
[BlackElo "1872"]
[Result "1-0"]
[PlyCount "55"]
[EventDate "2013.11.29"]

1. e4 c5 2. Nf3 Nc6 3. Bb5 d6 4. O-O Nf6 5. Re1 Bg4 6. h3 Bh5 7. c3 Qb6 8. Na3
a6 9. Bxc6+ Qxc6 10. d4 cxd4 11. cxd4 e6 12. d5 Qd7 13. Nc4 Rd8 14. dxe6 fxe6
15. e5 Bxf3 16. Qxf3 dxe5 17. Nxe5 Qd5 18. Bg5 Qxf3 19. Nxf3 Rd6 20. Rac1 Be7
21. Rc7 b6 22. Bf4 Rd8 23. Rxe6 Nd5 24. Bg5 Rd7 25. Rc8+ Rd8 26. Rxd8+ Kxd8 27.
Rd6+ Kc7 28. Rxd5 1-0

[Event "II Weekend della Cipressina A"]
[Site "Venezia ITA"]
[Date "2013.12.01"]
[Round "4"]
[White "Omeri, Silvan"]
[Black "Xia, Jie"]
[WhiteElo "2209"]
[BlackElo "2284"]
[Result "0-1"]
[PlyCount "92"]
[EventDate "2013.11.29"]

1. c4 Nf6 2. d4 g6 3. Nc3 Bg7 4. e4 d6 5. f3 O-O 6. Be3 c5 7. d5 Na6 8. Bd3 Nc7
9. Nge2 e6 10. Qd2 exd5 11. cxd5 b6 12. Bh6 Ba6 13. Bxg7 Kxg7 14. Bxa6 Nxa6 15.
h4 Qd7 16. g4 h5 17. g5 Ng8 18. O-O-O b5 19. Ng3 c4 20. Nce2 Rfc8 21. Nf4 Kf8
22. Qd4 Qe7 23. Nfxh5 gxh5 24. f4 f6 25. Nxh5 c3 26. b3 Qc7 27. Nxf6 Qa5 28.
Nh7+ Ke8 29. a4 Qb4 30. Qxb4 Nxb4 31. axb5 c2 32. Rdf1 Na2+ 33. Kd2 c1=Q+ 34.
Rxc1 Nxc1 35. f5 Nxb3+ 36. Ke3 Rc1 37. Rxc1 Nxc1 38. f6 Kf7 39. h5 Nxf6 40.
Nxf6 Rc8 41. Kf4 Ne2+ 42. Kf5 Nd4+ 43. Kf4 Nxb5 44. e5 Rc4+ 45. Kf5 Nd4+ 46.
Ke4 Nc6+ 0-1

[Event "II Weekend della Cipressina A"]
[Site "Venezia ITA"]
[Date "2013.12.01"]
[Round "4"]
[White "Poli, Diego"]
[Black "Battagin, Mose'"]
[WhiteElo "1734"]
[BlackElo "1851"]
[Result "0-1"]
[PlyCount "90"]
[EventDate "2013.11.29"]

1. d4 d6 2. Nf3 g6 3. c4 Bg7 4. Nc3 Nc6 5. h3 e5 6. dxe5 dxe5 7. Qxd8+ Kxd8 8.
Bg5+ f6 9. Rd1+ Bd7 10. Bh4 g5 11. Bg3 h5 12. e4 Nge7 13. Bd3 Kc8 14. a3 Be6
15. Nd5 a5 16. Nd2 a4 17. f3 Re8 18. Bf2 h4 19. Nb1 Bxd5 20. cxd5 Nd4 21. Nc3
c6 22. dxc6 bxc6 23. O-O Bf8 24. Rc1 Nb3 25. Rc2 Kb7 26. Bc4 Nd4 27. Rcc1 Red8
28. Rfd1 Ng6 29. Bxd4 exd4 30. Ne2 Kb6 31. Bd3 c5 32. Bc4 Ne5 33. Bd5 Rab8 34.
b3 axb3 35. Bxb3 d3 36. Nc3 c4 37. Ba4 Ra8 38. Rb1+ Kc7 39. Rd2 Kc8 40. Bd1
Rxa3 41. Nd5 Rxd5 42. exd5 c3 43. Ra2 Rxa2 44. Bb3 Bc5+ 45. Kh1 Rb2 0-1

[Event "II Weekend della Cipressina A"]
[Site "Venezia ITA"]
[Date "2013.12.01"]
[Round "4"]
[White "Redo, Giorgio"]
[Black "Velluti, Alberto"]
[WhiteElo "2090"]
[BlackElo "1945"]
[Result "1/2-1/2"]
[PlyCount "40"]
[EventDate "2013.11.29"]

1. f4 d5 2. Nf3 Nf6 3. e3 Bg4 4. b3 e6 5. Bb2 Be7 6. Be2 O-O 7. O-O Nbd7 8. Ng5
Bxe2 9. Qxe2 h6 10. Nf3 c5 11. d3 Rc8 12. Nbd2 a6 13. a4 b5 14. axb5 axb5 15.
Ne5 Qb6 16. Ndf3 Ra8 17. Nxd7 Nxd7 18. Ne5 Nxe5 19. Bxe5 Bd6 20. Bxd6 Qxd6
1/2-1/2

[Event "II Weekend della Cipressina A"]
[Site "Venezia ITA"]
[Date "2013.12.01"]
[Round "4"]
[White "Romagnoli, Thomas"]
[Black "Militello, Michele"]
[WhiteElo "1729"]
[BlackElo "1796"]
[Result "1/2-1/2"]
[PlyCount "48"]
[EventDate "2013.11.29"]

1. e4 d6 2. d4 Nf6 3. Nc3 Nbd7 4. Nf3 e5 5. dxe5 dxe5 6. Bc4 Be7 7. O-O O-O 8.
Bg5 c6 9. Bh4 b5 10. Bb3 Qc7 11. Bg3 h6 12. Re1 Re8 13. a3 Bf8 14. Qe2 Nc5 15.
Ba2 Bg4 16. Qe3 Bxf3 17. Qxf3 Ne6 18. Rad1 Rad8 19. Bxe6 Rxe6 20. Qf5 Rxd1 21.
Rxd1 g6 22. Qf3 Kg7 23. Rd3 Be7 24. Ne2 Nh5 1/2-1/2

[Event "II Weekend della Cipressina A"]
[Site "Venezia ITA"]
[Date "2013.12.01"]
[Round "4"]
[White "Solomon, Kenny"]
[Black "Fregonese, Giulio"]
[WhiteElo "2361"]
[BlackElo "2204"]
[Result "1/2-1/2"]
[PlyCount "139"]
[EventDate "2013.11.29"]

1. Nf3 Nf6 2. c4 c5 3. Nc3 b6 4. e3 Bb7 5. d4 cxd4 6. exd4 g6 7. Bd3 Bg7 8. O-O
O-O 9. Re1 d5 10. Bg5 dxc4 11. Bxc4 Nc6 12. Rc1 Rc8 13. Bf1 Qd7 14. Ne5 Qd8 15.
Nxc6 Bxc6 16. Ba6 Ra8 17. d5 Nxd5 18. Nxd5 Qxd5 19. Qxd5 Bxd5 20. Bxe7 Rfb8 21.
b3 Bb7 22. Bb5 Rc8 23. Bd7 Rxc1 24. Rxc1 Be5 25. Re1 Bg7 26. Rc1 Be5 27. g3 Bf3
28. h3 h5 29. g4 hxg4 30. hxg4 Kg7 31. Bc8 f6 32. g5 fxg5 33. Bxg5 Kf7 34. Kf1
Rb8 35. Ke1 Bb7 36. Bd7 Rh8 37. Bc6 Ba8 38. Bxa8 Rxa8 39. Rc6 Re8 40. Kd2 Re6
41. Rc8 Re8 42. Rc4 Ke6 43. Rc6+ Kf5 44. Be3 Rd8+ 45. Ke2 Rd7 46. Rc8 Rf7 47.
Kd3 g5 48. f3 Bf6 49. Kc4 Rd7 50. a4 Re7 51. Kd3 Rd7+ 52. Kc4 Re7 53. Bd2 Rd7
54. Be3 Re7 55. Bd4 Bxd4 56. Kxd4 Rf7 57. Ke3 Re7+ 58. Kd4 Rf7 59. Ke3 Re7+ 60.
Kf2 Rf7 61. Kg3 Rd7 62. Rf8+ Kg6 63. Rg8+ Kf5 64. Rf8+ Kg6 65. Rc8 Kf5 66. b4
Rd6 67. a5 bxa5 68. bxa5 Rd7 69. a6 Rf7 70. Kf2 {...} 1/2-1/2

[Event "II Weekend della Cipressina A"]
[Site "Venezia ITA"]
[Date "2013.12.01"]
[Round "4"]
[White "Stradiotto, Angelo"]
[Black "Civitareale, Alberto"]
[WhiteElo "1751"]
[BlackElo "1744"]
[Result "1/2-1/2"]
[PlyCount "47"]
[EventDate "2013.11.29"]

1. e4 e5 2. Nf3 Nc6 3. Bc4 Bc5 4. b4 Bxb4 5. c3 Be7 6. O-O Nf6 7. d4 Na5 8.
Nxe5 Nxc4 9. Nxc4 d5 10. exd5 Qxd5 11. Ne5 O-O 12. c4 Qd8 13. Bb2 Nd7 14. Nd3
c6 15. Nd2 Re8 16. Re1 b5 17. cxb5 cxb5 18. Qf3 Nb6 19. Qg3 Bf6 20. Rxe8+ Qxe8
21. Re1 Qd8 22. Nc5 Bf5 23. Qf4 Bg6 24. Ndb3 1/2-1/2

[Event "II Weekend della Cipressina A"]
[Site "Venezia ITA"]
[Date "2013.12.01"]
[Round "4"]
[White "Viaggi, Stefano"]
[Black "Zamengo, Bruno"]
[WhiteElo "2033"]
[BlackElo "1941"]
[Result "1/2-1/2"]
[PlyCount "43"]
[EventDate "2013.11.29"]

1. d4 Nf6 2. Nf3 c5 3. d5 b5 4. c4 Bb7 5. Nc3 a6 6. Bg5 d6 7. e4 b4 8. Bxf6
gxf6 9. Ne2 Nd7 10. Qa4 f5 11. exf5 Bg7 12. Rb1 O-O 13. Ng3 e6 14. fxe6 fxe6
15. Bd3 exd5 16. O-O Rxf3 17. gxf3 Ne5 18. Qd1 Qf6 19. cxd5 Nxf3+ 20. Kg2 Nh4+
21. Kg1 Nf3+ 22. Kh1 1/2-1/2

[Event "II Weekend della Cipressina A"]
[Site "Venezia ITA"]
[Date "2013.12.01"]
[Round "4"]
[White "Vianello, Enrico"]
[Black "Lodici, Lorenzo"]
[WhiteElo "2157"]
[BlackElo "2050"]
[Result "1/2-1/2"]
[PlyCount "131"]
[EventDate "2013.11.29"]

1. Nf3 f5 2. c4 Nf6 3. g3 g6 4. Bg2 Bg7 5. O-O O-O 6. Nc3 d6 7. d4 c6 8. Rb1
Ne4 9. Nxe4 fxe4 10. Ne1 d5 11. cxd5 cxd5 12. Be3 Nc6 13. Qd2 Bf5 14. Rd1 Qd7
15. Bh6 Bh3 16. Bxg7 Bxg2 17. Nxg2 Kxg7 18. f3 Qf5 19. Qe3 Rad8 20. a3 e5 21.
fxe4 Qxe4 22. Qxe4 dxe4 23. dxe5 Nxe5 24. Nf4 Kg8 25. Ne6 Rxf1+ 26. Rxf1 Re8
27. Nc5 Nc4 28. Rc1 Nxb2 29. Nxb7 Re7 30. Nd6 Kg7 31. Kf2 e3+ 32. Kf3 Rd7 33.
Rc7 Rxc7 34. Ne8+ Kf7 35. Nxc7 Nc4 36. a4 Nb6 37. a5 Nc4 38. a6 Ke7 39. Nb5
Ne5+ 40. Kxe3 Nc6 41. Ke4 Nb4 42. Nxa7 Nxa6 43. Ke5 Nc7 44. Nc8+ Kf7 45. e4 Ne6
46. Kd6 h5 47. Nb6 Ng5 48. e5 Ne4+ 49. Kd7 Nc5+ 50. Kd6 Ne4+ 51. Kd5 Nc3+ 52.
Kd4 Ne2+ 53. Ke3 Ng1 54. h4 g5 55. Kf2 gxh4 56. gxh4 Nh3+ 57. Kg3 Ng1 58. Kf4
Kg6 59. Nc4 Nh3+ 60. Ke4 Nf2+ 61. Ke3 Nh3 62. Kd4 Nf4 63. Nd2 Kf5 64. Nf3 Ng6
65. Kd5 Kg4 66. Ke4 1/2-1/2

[Event "II Weekend della Cipressina A"]
[Site "Venezia ITA"]
[Date "2013.12.01"]
[Round "4"]
[White "Zamengo, Fulvio"]
[Black "Negro, Roberto"]
[WhiteElo "2116"]
[BlackElo "2172"]
[Result "1-0"]
[PlyCount "145"]
[EventDate "2013.11.29"]

1. e4 g6 2. d4 Bg7 3. Nc3 d6 4. Nge2 Nf6 5. g3 O-O 6. Bg2 c6 7. a4 a5 8. O-O
Qc7 9. h3 e5 10. b3 Na6 11. Bb2 Nb4 12. Na2 Re8 13. Nxb4 axb4 14. Re1 c5 15.
dxe5 dxe5 16. c3 Bd7 17. Qc2 Bc6 18. Rad1 c4 19. cxb4 cxb3 20. Qc3 Qe7 21. b5
Bxe4 22. Qxb3 Bxg2 23. Kxg2 Ne4 24. Nc3 Nc5 25. Qb4 Nd3 26. Qxe7 Nxe1+ 27. Rxe1
Rxe7 28. Nd5 Re6 29. Nc7 Rxa4 30. Nxe6 fxe6 31. Bxe5 Bxe5 32. Rxe5 Rb4 33. Rxe6
Rxb5 34. Re7 Rb3 35. Rc7 b5 36. Rd7 b4 37. Rb7 h5 38. g4 hxg4 39. hxg4 Rb1 40.
Kf3 b3 41. Kf4 Rf1 42. f3 g5+ 43. Ke4 Rb1 44. Kf5 b2 45. Kg6 Kf8 46. Rb5 Ke7
47. Kxg5 Rf1 48. Rxb2 Rxf3 49. Kg6 Rf6+ 50. Kg5 Rf1 51. Rb7+ Kf8 52. Kg6 Rg1
53. g5 Rg2 54. Rb8+ Ke7 55. Rh8 Rg1 56. Rh5 Kf8 57. Rh8+ Ke7 58. Kh6 Kf7 59.
Rh7+ Kg8 60. Rd7 Rh1+ 61. Kg6 Kf8 62. Rf7+ Kg8 63. Ra7 Kf8 64. Ra8+ Ke7 65. Kg7
Rg1 66. g6 Ke6 67. Ra3 Rg2 68. Re3+ Kf5 69. Rf3+ Ke6 70. Rf1 Rg3 71. Re1+ Kf5
72. Kf7 Kg5 73. g7 1-0

[Event "II Weekend della Cipressina A"]
[Site "Venezia ITA"]
[Date "2013.12.01"]
[Round "4"]
[White "Zangrando, Gianpietro"]
[Black "Gallo, Enrico"]
[WhiteElo "1849"]
[BlackElo "2107"]
[Result "0-1"]
[PlyCount "66"]
[EventDate "2013.11.29"]

1. Nf3 d5 2. g3 Nf6 3. Bg2 c6 4. c4 dxc4 5. Ne5 Qd4 6. Nf3 Qd6 7. Qc2 b5 8. O-O
Na6 9. Nc3 g6 10. Nh4 Rb8 11. Rd1 Nb4 12. Qb1 Bg7 13. a4 Qc7 14. axb5 cxb5 15.
b3 O-O 16. Ba3 a5 17. bxc4 bxc4 18. Qc1 Be6 19. Rb1 Rfd8 20. Na4 Qa7 21. Nb2 g5
22. Nf3 Ne4 23. Rf1 c3 24. d3 cxb2 25. Bxb2 Rbc8 26. Qe3 Qxe3 27. fxe3 Nc3 28.
Bxc3 Bxc3 29. Nxg5 Ba2 30. Rbd1 Bb3 31. Rc1 Bd2 32. Rb1 Bxe3+ 33. Kh1 Ba2 0-1

[Event "II Weekend della Cipressina A"]
[Site "Venezia ITA"]
[Date "2013.12.01"]
[Round "4"]
[White "Zanirato, Stefano"]
[Black "Viviani, Bruno"]
[WhiteElo "1866"]
[BlackElo "1733"]
[Result "1-0"]
[PlyCount "42"]
[EventDate "2013.11.29"]

1. e4 c6 2. d4 d5 3. exd5 cxd5 4. Nc3 Nf6 5. Nf3 Nc6 6. Bb5 Bd7 7. O-O g6 8.
Bg5 e6 9. Re1 Be7 10. Bxf6 Bxf6 11. Nxd5 Bg7 12. c3 O-O 13. Ne3 Qc7 14. d5 Ne5
15. Bxd7 Nxf3+ 16. Qxf3 Qxd7 17. Rad1 e5 18. d6 Rfe8 19. Qd5 e4 20. Nc4 b5 21.
Na5 Re5 1-0

[Event "II Weekend della Cipressina A"]
[Site "Venezia ITA"]
[Date "2013.12.01"]
[Round "5"]
[White "Barbieri, Lorenzo"]
[Black "Romagnoli, Thomas"]
[WhiteElo "1812"]
[BlackElo "1729"]
[Result "1-0"]
[PlyCount "95"]
[EventDate "2013.11.29"]

1. d4 Nf6 2. c4 e6 3. Nc3 Bb4 4. Qc2 c5 5. e3 b6 6. Be2 Bb7 7. Bf3 Nc6 8. Nge2
Qc7 9. O-O cxd4 10. exd4 O-O 11. Bf4 Bd6 12. Nb5 Qc8 13. Nxd6 Qc7 14. Nxb7 Qxb7
15. a3 d5 16. cxd5 exd5 17. Rac1 Rac8 18. Qd3 Rfe8 19. Nc3 Ne7 20. Nb5 Rxc1 21.
Rxc1 Rc8 22. Rxc8+ Nxc8 23. Qc3 Qd7 24. Qc7 Qe8 25. Be5 Nd7 26. Nd6 Nxd6 27.
Qxd6 f6 28. Bxd5+ Kh8 29. Bc6 fxe5 30. Qxd7 Qxd7 31. Bxd7 exd4 32. Kf1 Kg8 33.
Ke2 Kf7 34. Kd3 Ke7 35. Bb5 Kd6 36. Kxd4 h6 37. f4 Ke6 38. g4 Kd6 39. f5 Ke7
40. Ke5 Kf7 41. h4 Ke7 42. g5 hxg5 43. hxg5 Kf7 44. f6 gxf6+ 45. gxf6 Kg8 46.
Ke6 Kf8 47. f7 a5 48. Bc6 1-0

[Event "II Weekend della Cipressina A"]
[Site "Venezia ITA"]
[Date "2013.12.01"]
[Round "5"]
[White "Battagin, Mose'"]
[Black "Vianello, Enrico"]
[WhiteElo "1851"]
[BlackElo "2157"]
[Result "0-1"]
[PlyCount "58"]
[EventDate "2013.11.29"]

1. e4 c5 2. Nf3 e6 3. d3 Nc6 4. g3 g6 5. Bg2 Bg7 6. O-O Nge7 7. c3 d5 8. Nbd2
O-O 9. Nb3 b6 10. exd5 Nxd5 11. d4 c4 12. Nbd2 b5 13. Re1 Rb8 14. Qc2 Qb6 15.
Ne4 Re8 16. h4 Bb7 17. Nc5 Qc7 18. Nxb7 Qxb7 19. h5 b4 20. hxg6 hxg6 21. Ne5
Nxe5 22. dxe5 Qb5 23. Re4 Rec8 24. Be3 Nxe3 25. Rxe3 bxc3 26. Qxc3 Qxb2 27. f4
Bf8 28. Kh2 Bc5 29. Rf3 Qxc3 0-1

[Event "II Weekend della Cipressina A"]
[Site "Venezia ITA"]
[Date "2013.12.01"]
[Round "5"]
[White "Benetti, Lorenzo"]
[Black "Poli, Diego"]
[WhiteElo "1768"]
[BlackElo "1734"]
[Result "1/2-1/2"]
[PlyCount "129"]
[EventDate "2013.11.29"]

1. e4 e5 2. Nf3 Nf6 3. Nxe5 d6 4. Nf3 Nxe4 5. Bc4 d5 6. Bb3 c5 7. d3 Nf6 8. O-O
Be7 9. Re1 O-O 10. Nc3 Be6 11. a3 h6 12. Re2 Nc6 13. Qe1 Bg4 14. Ba4 Bxf3 15.
gxf3 Bd6 16. Bxc6 bxc6 17. Qf1 Nh5 18. Re1 Qh4 19. Qg2 Rae8 20. Bxh6 Bf4 21.
Bxf4 Nxf4 22. Qg3 Qh6 23. Kf1 Re6 24. Rxe6 fxe6 25. Ne2 Nh3 26. Kg2 Nf4+ 27.
Nxf4 Qxf4 28. Qxf4 Rxf4 29. Re1 Kf7 30. Kg3 g5 31. c3 a5 32. Rc1 Ke7 33. c4 Kd6
34. Rc3 e5 35. h3 a4 36. cxd5 cxd5 37. b3 axb3 38. Rxb3 c4 39. dxc4 Rxc4 40.
Re3 d4 41. Rd3 Rc3 42. Rd2 Ke6 43. Kg4 Kf6 44. a4 Kg6 45. Ra2 Rc1 46. f4 e4 47.
fxg5 d3 48. a5 Rc2 49. Ra1 Rxf2 50. a6 Rf8 51. h4 e3 52. h5+ Kg7 53. h6+ Kg8
54. a7 d2 55. a8=Q Rxa8 56. Rxa8+ Kf7 57. Ra7+ Ke6 58. h7 d1=Q+ 59. Kf4 Qd4+
60. Kf3 Kf5 61. Rd7 Qe4+ 62. Ke2 Qe8 63. Re7 Qh8 64. Kxe3 Kxg5 65. Ra7 1/2-1/2

[Event "II Weekend della Cipressina A"]
[Site "Venezia ITA"]
[Date "2013.12.01"]
[Round "5"]
[White "Boscolo, Marco"]
[Black "Zanirato, Stefano"]
[WhiteElo "2125"]
[BlackElo "1866"]
[Result "1/2-1/2"]
[PlyCount "105"]
[EventDate "2013.11.29"]

1. d4 Nf6 2. c4 e6 3. Nc3 Bb4 4. Qc2 c5 5. dxc5 Bxc5 6. Nf3 Nc6 7. Bg5 Be7 8.
Rd1 Qa5 9. a3 Ne5 10. Nxe5 Qxe5 11. Qd2 a6 12. Bf4 Qa5 13. e4 e5 14. Bg5 O-O
15. f3 Rd8 16. Be3 d6 17. Be2 Be6 18. O-O Kf8 19. Qe1 Rac8 20. Qf2 Nd7 21. Nd5
Bxd5 22. Rxd5 Qa4 23. f4 f6 24. f5 Nc5 25. Bxc5 Rxc5 26. Bd3 Qb3 27. Qd2 Rxd5
28. exd5 Qb6+ 29. Qf2 Qb3 30. Qe2 Rc8 31. Rc1 b5 32. Rc3 Qa4 33. cxb5 Qd4+ 34.
Kf1 Rxc3 35. bxc3 Qxc3 36. bxa6 Qxa3 37. Qc2 Bd8 38. Ke2 e4 39. Bc4 Qc5 40.
Qxe4 Bb6 41. Kd1 Qg1+ 42. Kc2 Qxh2 43. Bb5 Qe5 44. Qxe5 fxe5 45. Kb3 Ke7 46.
Ka4 Kd8 47. g4 h6 48. Kb3 Kc7 49. Kc3 Kd8 50. Bd3 Bd4+ 51. Kc4 Kc7 52. Kb5 Ba7
53. Be4 1/2-1/2

[Event "II Weekend della Cipressina A"]
[Site "Venezia ITA"]
[Date "2013.12.01"]
[Round "5"]
[White "Dappiano, Andrea"]
[Black "Viaggi, Stefano"]
[WhiteElo "2194"]
[BlackElo "2033"]
[Result "1/2-1/2"]
[PlyCount "74"]
[EventDate "2013.11.29"]

1. e4 g6 2. c4 Bg7 3. Nc3 c5 4. g3 Nc6 5. Bg2 e6 6. Nge2 Nge7 7. d3 d6 8. h4 h5
9. Bg5 a6 10. O-O Qc7 11. Rb1 Rb8 12. a3 O-O 13. b4 b6 14. b5 Nd4 15. bxa6 Bxa6
16. Nxd4 Bxd4 17. Nb5 Bxb5 18. Rxb5 Nc6 19. g4 hxg4 20. Qxg4 Ne5 21. Qg3 Kg7
22. Kh1 f6 23. Bc1 Rh8 24. Bh3 Kf7 25. Bb2 Nc6 26. Qg4 f5 27. Qg3 Bxb2 28. Rxb2
Qe7 29. Rg1 Qf6 30. Qxd6 Qxb2 31. exf5 gxf5 32. Qxc6 Rbg8 33. Qd7+ Kf6 34. Re1
Re8 35. Rg1 Reg8 36. Re1 Re8 37. Rg1 Reg8 1/2-1/2

[Event "II Weekend della Cipressina A"]
[Site "Venezia ITA"]
[Date "2013.12.01"]
[Round "5"]
[White "Fregonese, Giulio"]
[Black "Brun, Dario"]
[WhiteElo "2204"]
[BlackElo "2241"]
[Result "0-1"]
[PlyCount "90"]
[EventDate "2013.11.29"]

1. e4 e6 2. d4 d5 3. e5 c5 4. c3 Nc6 5. Nf3 Qb6 6. a3 Nh6 7. b4 cxd4 8. cxd4
Nf5 9. Bb2 Be7 10. Be2 a5 11. b5 a4 12. O-O O-O 13. Bc3 Na5 14. Qxa4 Bd7 15.
Nbd2 Nc6 16. Qb3 Ncxd4 17. Bxd4 Nxd4 18. Nxd4 Qxd4 19. Nf3 Qb6 20. a4 Rfc8 21.
Rfc1 Bc5 22. Rf1 Ra5 23. Bd3 Qd8 24. Ra2 b6 25. Re2 Rca8 26. Qb1 Rxa4 27. Bxh7+
Kf8 28. Bd3 Rb4 29. Rb2 Raa4 30. h3 Qa8 31. Qc2 Rxb2 32. Qxb2 Ra2 33. Qc1 Qa3
34. Qd1 Qb4 35. Ng5 Qh4 36. Nh7+ Ke7 37. Qf3 Ra3 38. Qe2 Qf4 39. Kh1 Bd4 40. g3
Qxe5 41. Qc2 Bc5 42. Qb1 Qh5 43. Kg2 g6 44. Nf6 Kxf6 45. Rc1 Qe5 0-1

[Event "II Weekend della Cipressina A"]
[Site "Venezia ITA"]
[Date "2013.12.01"]
[Round "5"]
[White "Gallo, Enrico"]
[Black "Zamengo, Fulvio"]
[WhiteElo "2107"]
[BlackElo "2116"]
[Result "1-0"]
[PlyCount "113"]
[EventDate "2013.11.29"]

1. e4 e6 2. d4 d5 3. Nd2 Be7 4. Bd3 Nf6 5. e5 Nfd7 6. Ne2 c5 7. c3 Nc6 8. O-O
cxd4 9. cxd4 O-O 10. Nb3 Re8 11. Nf4 Nf8 12. Be3 f6 13. exf6 Bxf6 14. Rc1 g6
15. Qf3 Qe7 16. Rfd1 Qg7 17. Bb1 Bd7 18. g3 Rad8 19. h4 Re7 20. h5 Be8 21. h6
Qf7 22. g4 e5 23. Ng2 e4 24. Qg3 Ne6 25. g5 Bh8 26. Rd2 Bd7 27. Bc2 Nb4 28. Bd1
Nd3 29. Rc3 Ba4 30. Bg4 Bxb3 31. Bxe6 Rxe6 32. axb3 Nb4 33. Rd1 Rc6 34. Nf4
Rdc8 35. Rdc1 Rxc3 36. Rxc3 Nc6 37. Rc5 Rd8 38. Ne2 Qe7 39. b4 a6 40. b5 axb5
41. Rxb5 Qd7 42. Nc3 Qf7 43. Ne2 Qf3 44. Qxf3 exf3 45. Nf4 Bxd4 46. Ne6 Bxe3
47. Nxd8 Bxg5 48. Ne6 Bxh6 49. Rxb7 Bd2 50. Rd7 Nb4 51. Nc7 Be1 52. Nxd5 g5 53.
Nf6+ Kf8 54. Nxh7+ Ke8 55. Rd1 Bxf2+ 56. Kxf2 g4 57. Nf6+ 1-0

[Event "II Weekend della Cipressina A"]
[Site "Venezia ITA"]
[Date "2013.12.01"]
[Round "5"]
[White "Girgenti, Giuseppe"]
[Black "Guerra, Alessandro"]
[WhiteElo "1931"]
[BlackElo "2226"]
[Result "0-1"]
[PlyCount "58"]
[EventDate "2013.11.29"]

1. e4 c6 2. Nc3 d5 3. Nf3 dxe4 4. Nxe4 Nf6 5. Nxf6+ exf6 6. d4 Bd6 7. Be2 O-O
8. O-O Bf5 9. c3 Nd7 10. Be3 Qc7 11. Qd2 Be4 12. h3 Nb6 13. Rad1 Rad8 14. Qc1
Nd5 15. Nd2 Bh2+ 16. Kh1 Bxg2+ 17. Kxg2 Nxe3+ 18. Kh1 Nxd1 19. Qxd1 Bf4 20. Rg1
Rfe8 21. Bd3 Qc8 22. Qh5 g6 23. Bxg6 fxg6 24. Rxg6+ Kh8 25. Nf3 Rd5 26. Qh4 Bg5
27. Nxg5 Rxg5 28. Rh6 Re1+ 29. Kh2 Qg8 0-1

[Event "II Weekend della Cipressina A"]
[Site "Venezia ITA"]
[Date "2013.12.01"]
[Round "5"]
[White "Lodici, Lorenzo"]
[Black "Redo, Giorgio"]
[WhiteElo "2050"]
[BlackElo "2090"]
[Result "1-0"]
[PlyCount "131"]
[EventDate "2013.11.29"]

1. d4 c5 2. d5 e5 3. e4 d6 4. f4 exf4 5. Bxf4 Nf6 6. Nd2 Be7 7. Ngf3 O-O 8. Bd3
Bg4 9. O-O Nbd7 10. Qe1 Nh5 11. Be3 g6 12. Bh6 Ng7 13. h3 Bxf3 14. Nxf3 f6 15.
c4 Ne5 16. Qd2 Qd7 17. a3 Rac8 18. Be2 Nf7 19. Bf4 Rce8 20. b4 b6 21. Bd3 Bd8
22. Rae1 Nh5 23. Bh2 Ne5 24. g4 Ng7 25. Nxe5 fxe5 26. Kg2 Bh4 27. Rb1 Qe7 28.
Bc2 Bg5 29. Qc3 Rc8 30. Ba4 Qc7 31. Bc6 Ne6 32. bxc5 Nxc5 33. Qc2 Qg7 34. Bg1
Nb7 35. Qa4 Na5 36. Bb5 Rxf1 37. Rxf1 Qc7 38. Ba6 Rd8 39. Rf3 Rf8 40. Rxf8+
Kxf8 41. Qc2 Qf7 42. c5 bxc5 43. Bxc5 Qc7 44. Qf2+ Bf4 45. Bxa7 Qc3 46. Be2
Qxa3 47. Qh4 Kg7 48. Qe7+ Kg8 49. Bf2 Qa2 50. Qe8+ Kg7 51. Qd7+ Kg8 52. Qd8+
Kg7 53. Qc7+ Kg8 54. Qb8+ Kg7 55. Qa7+ Kg8 56. Bb5 Bg3 57. Qb8+ Kg7 58. Kxg3
Qd2 59. Qa7+ Kf6 60. Be3 Qe1+ 61. Kg2 g5 62. Qb6 Kg7 63. Qc7+ Kg8 64. Qd8+ Kf7
65. Be8+ Kg7 66. Qe7+ 1-0